|
|
|
|
| LEADER |
00825nab a2200205 i 4500 |
| 001 |
acta6361 |
| 005 |
20220921152554.0 |
| 008 |
161015s1968 hu o 0|| eng d |
| 022 |
|
|
|a 0324-6523
|
| 040 |
|
|
|a SZTE Egyetemi Kiadványok Repozitórium
|b hun
|
| 041 |
|
|
|a eng
|
| 100 |
1 |
|
|a Nagy László
|
| 245 |
1 |
4 |
|a The employer's liability for damage caused within the scope of employment on the Hungarian labour law
|h [elektronikus dokumentum] /
|c Nagy László
|
| 260 |
|
|
|a Szegedi Tudományegyetem Állam- és Jogtudományi Kara
|b Szeged
|c 1968
|
| 300 |
|
|
|a 1-144
|
| 490 |
0 |
|
|a Acta Universitatis Szegediensis : acta juridica et politica
|v 15 No. 10
|
| 650 |
|
4 |
|a Társadalomtudományok
|
| 650 |
|
4 |
|a Jogtudomány
|
| 695 |
|
|
|a Munkajog
|
| 856 |
4 |
0 |
|u http://acta.bibl.u-szeged.hu/6361/1/juridpol_015_fasc_010_001-144.pdf
|z Dokumentum-elérés
|